El arte de la indagación en el aula : manual para docentes- investigadores /

Se explican criterios de diseño, metodologías y técnicaspara la investigación en el aula, en las etapas de planteamiento, revisión bibliográfica, diseño, recogida de datos y su análisis, y realización de conclusiones.

Պահպանված է:
Մատենագիտական մանրամասներ
Հիմնական հեղինակ: Hubbard, Ruth Shagoury (autor)
Այլ հեղինակներ: Power, Brenda Miller (autor) (autor)
Ձևաչափ: Գիրք
Լեզու:իսպաներեն
Հրապարակվել է: Barcelona, España : Gedisa, 2000, c2000
Շարք:(Biblioteca de Educación. Didáctica General ; 7)
Խորագրեր:
Ցուցիչներ: Ավելացրեք ցուցիչ
Չկան պիտակներ, Եղեք առաջինը, ով նշում է այս գրառումը!

MARC

LEADER 00000nam^a2200000^a^4500
001 000114897
005 20250521000000.0
009 20260310094035.387
020 |a 84-7432-730-X 
037 |a Acervo ITESO - Biblioteca 
041 |a ESP 
082 |a 370. 78  |b HUB 
100 |a Hubbard, Ruth Shagoury  |e (autor) 
245 1 3 |a El arte de la indagación en el aula :  |b manual para docentes- investigadores /  |c R.S. Hubbard, B.M. Power ; tr. por Hugo C. Luna. 
264 4 |a Barcelona, España :  |b Gedisa,  |c 2000, c2000 
300 |a 287 p. 
336 |a texto  |b txt  |2 rdacontenido 
337 |a sin mediación  |b n  |2 rdamedio 
338 |a volumen  |b nc  |2 rdasoporte 
440 1 |a (Biblioteca de Educación.  |p Didáctica General ;  |v 7) 
520 |a Se explican criterios de diseño, metodologías y técnicaspara la investigación en el aula, en las etapas de planteamiento, revisión bibliográfica, diseño, recogida de datos y su análisis, y realización de conclusiones. 
649 |a XX 
650 |a Investigación Educativa 
650 |a Educación 
650 |a Metodología 
700 |a Power, Brenda Miller  |e (autor) 
910 |a Fondo General 
920 |a Impresos - Libros 
930 |a Colección General 
905 |a 101 
901 |a 0500051382  |b IT1  |c ACC  |u 20250521 
901 |a 0500052266  |b IT1  |c ACC  |u 20250521 
902 |a https://opac.biblio.iteso.mx/vufind/Record/000114897